[Event "Augsburg op"]
[Site "Augsburg"]
[Date "2013.12.29"]
[Round "6"]
[White "Cajkovski, Zeljko"]
[Black "Brdar, Antun"]
[Result "1-0"]
[WhiteElo "1751"]
[BlackElo "1624"]
[PlyCount "97"]
[EventDate "2013.12.27"]
[EventType "swiss"]
[EventRounds "7"]
[EventCountry "GER"]
[SourceTitle "CBM 158 Extra"]
[Source "ChessBase"]
[SourceDate "2014.02.28"]
[SourceVersion "1"]
[SourceVersionDate "2014.02.28"]
[SourceQuality "1"]

1. e4 c6 2. d4 e5 3. Bc4 Be7 4. Qh5 d5 5. exd5 Nf6 6. Qxe5 cxd5 7. Bb5+ Bd7 8. Nc3 a6 9. Ba4 Bxa4 10. Nxa4 0-0 11. Ne2 Bd6 12. Qf5 b5 13. Nc5 Qe7 14. Be3 Bxc5 15. dxc5 Nbd7 16. b4 Rfe8 17. 0-0 g6 18. Qh3 Qe4 19. Nd4 Qg4 20. Qh6 Qh5 21. Bf4 Re4 22. Qxh5 Nxh5 23. Be3 f5 24. c3 Ne5 25. a4 f4 26. Bd2 Nc4 27. Bc1 bxa4 28. Rxa4 Ree8 29. g3 Nf6 30. Bxf4 Ne4 31. Rc1 Nb2 32. Ra2 Nd3 33. Rcc2 Nf6 34. Re2 Ne4 35. Rec2 Ne1 36. Rc1 Nd3 37. Rca1 Nxf4 38. gxf4 Nxc3 39. Rxa6 Rab8 40. Nc6 Rbc8 41. Nd4 Re4 42. Ra8 Rxa8 43. Rxa8+ Kf7 44. c6 Rxd4 45. c7 Ne2+ 46. Kf1 Rc4 47. c8Q Rxc8 48. Rxc8 d4 49. b5 1-0

[Event "Augsburg op"]
[Site "Augsburg"]
[Date "2013.12.27"]
[Round "2"]
[White "Staedele, Thomas"]
[Black "Brdar, Antun"]
[Result "1-0"]
[WhiteElo "2051"]
[BlackElo "1624"]
[PlyCount "47"]
[EventDate "2013.12.27"]
[EventType "swiss"]
[EventRounds "7"]
[EventCountry "GER"]
[SourceTitle "CBM 158 Extra"]
[Source "ChessBase"]
[SourceDate "2014.02.28"]
[SourceVersion "1"]
[SourceVersionDate "2014.02.28"]
[SourceQuality "1"]

1. e4 c6 2. d4 e5 3. dxe5 Qa5+ 4. Nc3 Qxe5 5. Nf3 Qc7 6. Bc4 Be7 7. Ng5 Bxg5 8. Bxg5 d6 9. Qf3 Be6 10. Bxe6 fxe6 11. 0-0 Qf7 12. Qg3 e5 13. f4 exf4 14. Rxf4 Nf6 15. Rd1 Nbd7 16. Rxd6 0-0-0 17. Bxf6 gxf6 18. e5 Qg6 19. Qxg6 hxg6 20. exf6 Ne5 21. Ne4 Nf7 22. Rxd8+ Rxd8 23. h4 Kc7 24. Ng5 1-0